| 000 | 00391nam a2200145Ia 4500 | ||
|---|---|---|---|
| 008 | 230917s9999||||xx |||||||||||||| ||und|| | ||
| 040 |
_e40134 _aMAIN |
||
| 041 | _aEnglish | ||
| 082 | _a823.09 K458S | ||
| 100 | _aKermode, Frank | ||
| 245 | 0 | _aSense of an ending: Studies in the theory of fiction | |
| 260 |
_aLondon _bOxford University Press _c1977 |
||
| 300 | _axi, 187 p. | ||
| 942 | _cBK | ||
| 999 |
_c195053 _d195053 |
||